| 000 | 00376nam a2200133Ia 4500 | ||
|---|---|---|---|
| 008 | 230917s9999||||xx |||||||||||||| ||und|| | ||
| 040 |
_e240492 _aMAIN |
||
| 041 | _aEnglish | ||
| 082 | _a579 C477I | ||
| 100 | _aChutani, Preeti | ||
| 245 | 0 | _aIsolation, production and characterization of multiple microbial enzymes for deinking of newspaper | |
| 260 | _c2016 | ||
| 942 | _cTH | ||
| 999 |
_c126981 _d126981 |
||